Using Information Technology: A Practical Introduction to Computers & Communications. (Record no. 1894)
[ view plain ]
| 005 - DATE AND TIME OF LATEST TRANSACTION | |
|---|---|
| control field | 20250505100723.0 |
| 020 ## - INTERNATIONAL STANDARD BOOK NUMBER | |
| International Standard Book Number | 0-07-248464-0 |
| 082 ## - DEWEY DECIMAL CLASSIFICATION NUMBER | |
| Classification number | LECT 004 SAW |
| 100 ## - MAIN ENTRY--PERSONAL NAME | |
| Author name | SAWYER, S, C. |
| 245 ## - TITLE STATEMENT | |
| Title | Using Information Technology: A Practical Introduction to Computers & Communications. |
| 250 ## - EDITION STATEMENT | |
| Edition statement | 5th Ed. |
| 260 ## - PUBLICATION, DISTRIBUTION, ETC. | |
| Place of publication, distribution, etc. | London, |
| Name of publisher, distributor, etc. | McGraw-Hill Irwin, |
| Date of publication, distribution, etc. | 2003. |
| 300 ## - PHYSICAL DESCRIPTION | |
| Extent | xxvii, 324p.: ill.; Figures, Pictures, Tables. |
| Other physical details | Index, |
| Dimensions | 27cm, |
| 700 ## - ADDED ENTRY--PERSONAL NAME | |
| Other authors/Editors | WILLIAMS, B, K. |
| 856 ## - ELECTRONIC LOCATION AND ACCESS | |
| Link text | Online Access Book |
| Electronic name | Using Information Technology: A Practical Introduction to Computers & Communications. |
| Path | www.mhhe.com |
| 942 ## - ADDED ENTRY ELEMENTS (KOHA) | |
| Source of classification or shelving scheme | Dewey Decimal Classification |
| Koha item type | Books |
| Date last seen | Total checkouts | Full call number | Barcode | Cost, replacement price | Price effective from | Koha item type | Lost status | Source of classification or shelving scheme | Damaged status | Not for loan | Withdrawn status | Home library | Current library | Shelving location | Date acquired | Cost, normal purchase price |
|---|---|---|---|---|---|---|---|---|---|---|---|---|---|---|---|---|
| 05/05/2025 | LECT 004 SAW | 0000007366 | 84000.00 | 05/05/2025 | Books | Dewey Decimal Classification | College of Business Education Main Library | College of Business Education Main Library | General Collection | 04/17/2007 | 28000.00 | |||||
| 06/03/2025 | TEA LECT 004 SAW | 00000010955 | 84000.00 | 06/03/2025 | Books | Dewey Decimal Classification | College of Business Education Main Library | College of Business Education Main Library | General Collection | 04/17/2017 | 28000.00 |
